00487nam a22001457a 450000500170000000800410001702000280005804100130008608200130009910000400011224500790015226000560023130000280028765000260031520240122093556.0240122b |||||||| |||| 00| 0 eng d a0409003301 ; 0409003905 aEnglish  a349 JOU  aWA Joubert and TJ Scott lEnglish  aThe Law of South Africa : Valuations to Water / cWA Joubert and TJ Scott  aDurban : bButterworth Publishers (Pty) Ltd, c1993 b165 pages ; c26,4 cm.  aLegal practice bLaw